<?xml version="1.0" encoding="UTF-8"?>
<collection xmlns:xsi="http://www.w3.org/2001/XMLSchema-instance" xsi:schemaLocation="http://www.loc.gov/MARC21/slim http://www.loc.gov/standards/marcxml/schema/MARC21slim.xsd" xmlns="http://www.loc.gov/MARC21/slim">
 <record>
  <leader>00000cgm a22000004a 4500</leader>
  <controlfield tag="001">UP-99796217611236122</controlfield>
  <controlfield tag="003">Buklod</controlfield>
  <controlfield tag="005">20140502083046.0</controlfield>
  <controlfield tag="006">a     r    |||| u|</controlfield>
  <controlfield tag="007">ta</controlfield>
  <controlfield tag="008">140117s2011    nyu||| |     ||   vleng d</controlfield>
  <datafield tag="035" ind1=" " ind2=" ">
   <subfield code="a">(iLib)UPD-00215705324</subfield>
  </datafield>
  <datafield tag="040" ind1=" " ind2=" ">
   <subfield code="a">DLC</subfield>
   <subfield code="d">DSCI</subfield>
  </datafield>
  <datafield tag="041" ind1=" " ind2=" ">
   <subfield code="a">eng</subfield>
  </datafield>
  <datafield tag="090" ind1=" " ind2=" ">
   <subfield code="a">QE 535</subfield>
   <subfield code="b">D43 2011</subfield>
  </datafield>
  <datafield tag="245" ind1="0" ind2="0">
   <subfield code="a">Deadliest Earthquakes</subfield>
   <subfield code="c">Public Broadcasting Service (U.S.).</subfield>
  </datafield>
  <datafield tag="264" ind1="3" ind2="1">
   <subfield code="a">New York, N.Y.</subfield>
   <subfield code="b">Films Media Group</subfield>
   <subfield code="c">c2011.</subfield>
  </datafield>
  <datafield tag="300" ind1=" " ind2=" ">
   <subfield code="a">1 streaming video file (60 min.)</subfield>
   <subfield code="b">sd., col.</subfield>
  </datafield>
  <datafield tag="340" ind1=" " ind2=" ">
   <subfield code="a">Videodisc.</subfield>
  </datafield>
  <datafield tag="500" ind1=" " ind2=" ">
   <subfield code="a">Encoded with permission for digital streaming by Films Media Group on December 08, 2013.</subfield>
  </datafield>
  <datafield tag="500" ind1=" " ind2=" ">
   <subfield code="a">Films on Demand is distributed by Films Media Group for Films for the Humanities &amp; Sciences, Cambridge Educational, Meridian Education, and Shopware.</subfield>
  </datafield>
  <datafield tag="505" ind1="0" ind2=" ">
   <subfield code="a">Earthquake Hits Haiti (2:28) -- Cutting Edge of Earthquake Research (1:46) -- Plate Tectonics (1:55) -- Ground Movement Data (3:26) -- San Andreas Fault System (2:39) -- Worst Case Scenario Drill (1:29) -- Anza-Borrego State Park, Southern California (2:54) -- Earthquake in South America (1:48) -- Subduction and Megathrust (2:26) -- Aftermath in Dichato, Chile (2:53) -- Forecasting the Next Cascadia Earthquake (4:28) -- Tsunami Threat (1:48) -- Earthquake Forecasting: Olympic Peninsula, Washington (2:34) -- Slow Slip Research (1:49) -- Domino Effect (2:29) -- Earthquake Warning Signals (2:37) -- Earthquake Warning System (4:01) -- Revolutionary Building Design (2:09) -- Tsunami Vertical Evacuation Refuge (2:34) -- Future of Earthquake Survival (1:48) -- Credits: Deadliest Earthquakes (1:39)</subfield>
  </datafield>
  <datafield tag="520" ind1=" " ind2=" ">
   <subfield code="a">NOVA follows a team of U.S. geologists as they first enter Haiti in the immediate aftermath of the 2010 epic earthquake, hunting for crucial evidence that will help them determine what the risks are of a new killer quake. Could this work one day lead to a breakthrough in predicting quakes before they happen? NOVA investigates intriguing new leads in its gripping investigation of a deadly scientific conundrum.</subfield>
  </datafield>
  <datafield tag="650" ind1=" " ind2="0">
   <subfield code="a">Earthquake damage.</subfield>
  </datafield>
  <datafield tag="650" ind1=" " ind2="0">
   <subfield code="a">Earthquakes.</subfield>
  </datafield>
  <datafield tag="650" ind1=" " ind2="0">
   <subfield code="a">Hydrology.</subfield>
  </datafield>
  <datafield tag="650" ind1=" " ind2="0">
   <subfield code="a">Natural resources.</subfield>
  </datafield>
  <datafield tag="650" ind1=" " ind2="0">
   <subfield code="a">Water.</subfield>
  </datafield>
  <datafield tag="651" ind1=" " ind2="0">
   <subfield code="a">Earth (Planet)</subfield>
   <subfield code="x">Internal structure.</subfield>
  </datafield>
  <datafield tag="655" ind1=" " ind2="7">
   <subfield code="a">Educational films.</subfield>
   <subfield code="2">lcgft.</subfield>
  </datafield>
  <datafield tag="655" ind1=" " ind2="7">
   <subfield code="a">Internet videos.</subfield>
   <subfield code="2">lcgft.</subfield>
  </datafield>
  <datafield tag="655" ind1=" " ind2="7">
   <subfield code="a">Videorecording.</subfield>
   <subfield code="2">local.</subfield>
  </datafield>
  <datafield tag="710" ind1="2" ind2=" ">
   <subfield code="a">Films for the Humanities &amp; Sciences (Firm).</subfield>
  </datafield>
  <datafield tag="710" ind1="2" ind2=" ">
   <subfield code="a">Films Media Group.</subfield>
  </datafield>
  <datafield tag="710" ind1="2" ind2=" ">
   <subfield code="a">Public Broadcasting Service (U.S.).</subfield>
  </datafield>
  <datafield tag="776" ind1="0" ind2="8">
   <subfield code="i">Originally produced</subfield>
   <subfield code="d">Public Broadcasting Service (U.S.), 2011.</subfield>
  </datafield>
  <datafield tag="905" ind1=" " ind2=" ">
   <subfield code="a">FO</subfield>
  </datafield>
  <datafield tag="852" ind1="0" ind2=" ">
   <subfield code="a">UPD</subfield>
   <subfield code="b">DSCI</subfield>
   <subfield code="h">QE 535</subfield>
   <subfield code="i">D43 2011</subfield>
  </datafield>
  <datafield tag="942" ind1=" " ind2=" ">
   <subfield code="a">Visual Material</subfield>
  </datafield>
 </record>
</collection>
